Экспериментальная установка для исследования термоэдс методом спектрального анализа; Прогрессивные технологии и экономика в машиностроении

Detalles Bibliográficos
Parent link:Прогрессивные технологии и экономика в машиностроении.— 2002.— С. 77-79
Autor Principal: Проскоков А. В. Андрей Владимирович
Idioma:ruso
Publicado: 2002
Subjects:
Formato: MixedMaterials Capítulo de libro
KOHA link:https://koha.lib.tpu.ru/cgi-bin/koha/opac-detail.pl?biblionumber=100051

MARC

LEADER 00000naa2a2200000 4500
001 100051
005 20240208105300.0
035 |a (RuTPU)RU\TPU\book\107630 
090 |a 100051 
100 |a 20060810d2002 k y0rusy50 ca 
101 0 |a rus 
102 |a RU 
200 1 |a Экспериментальная установка для исследования термоэдс методом спектрального анализа  |f А. В. Проскоков 
463 0 |0 (RuTPU)RU\TPU\book\68544  |t Прогрессивные технологии и экономика в машиностроении  |o труды региональной научно-практической конференции, Юрга, 25-26 апреля 2002 г.  |f Томский политехнический университет; Филиал ТПУ в Юрге; отв. ред. Б. Г. Долгун  |v С. 77-79  |d 2002  |p 208 с. 
610 1 |a методы анализа 
610 1 |a спектральный анализ 
610 1 |a износ инструмента 
610 1 |a температура 
610 1 |a термоупругость 
610 1 |a математическое моделирование 
610 1 |a резание 
610 1 |a труды учёных ТПУ 
610 1 |a термоэдс 
700 1 |a Проскоков  |b А. В.  |c специалист в области машиностроения  |c доцент Юргинского технологического института (филиала) Томского политехнического университета, кандидат технических наук  |f 1977-  |g Андрей Владимирович  |3 (RuTPU)RU\TPU\pers\24240  |9 10726 
801 1 |a RU  |b 63413507  |c 20060810  |g PSBO 
801 2 |a RU  |b 63413507  |c 20130902  |g PSBO 
942 |c BK